000 00430nam a2200181Ia 4500
001 23814
005 20260414151002.0
008 260414t2012||||xx |||||||||||||| ||spa||
041 _aESP
082 _a721
_bA78
100 _aArtadi, Javier,
_eAUT
245 0 _aJavier Artadi :
_bl cubo en el desierto
260 _c2012
300 _a177 páginas :
_c20 cm.
650 _aABD
654 _aCAU
942 _cLIB
_dJUS
_fJUS
_2ddc
_n
999 _c23814
_d23814